书目信息 |
| 题名: |
上海姓氏寻根
|
|
| 作者: | 许洪新, 著 | |
| 分册: | ||
| 出版信息: | 上海 上海科学技术文献出版社 2005.01 |
|
| 页数: | 235页 | |
| 开本: | 21cm | |
| 丛书名: | 回梦百年上海系列 | |
| 单 册: | ||
| 中图分类: | K820.851 | |
| 科图分类: | ||
| 主题词: | 姓氏--生平事迹--上海市 | |
| 电子资源: | ||
| ISBN: | 7-5439-2487-0 | |
| 000 | 00868nam 2200241 450 | |
| 001 | 0158682202 | |
| 005 | 20050823142401.29 | |
| 010 | @a7-5439-2487-0@d20.00CNY | |
| 100 | @a20050506d2005 km y0chiy0120 ea | |
| 101 | 0 | @achi |
| 102 | @aCN@b310000 | |
| 105 | @aach z 000yy | |
| 200 | 1 | @a上海姓氏寻根@Ashang hai xing shi xun gen@f许洪新著@Fxu hong xin zhu |
| 210 | @a上海@c上海科学技术文献出版社@d2005.01 | |
| 215 | @a235页@c图, 肖像, 摹真@d21cm | |
| 225 | 2 | @a回梦百年上海系列 |
| 330 | @a本书记叙了张、王、陈、朱、李、沈、周、徐、陆、吴十个大姓在上海的发展历史,立足于上海的形成与发展,大量记述十大姓氏群体中,对上海作出贡献、留有事迹的各类人物。 | |
| 410 | 0 | @12001 @a回梦百年上海系列 |
| 606 | 0 | @a姓氏@x生平事迹@y上海市 |
| 690 | @aK820.851@v4 | |
| 701 | 0 | @a许洪新,@Axu hong xin,@f1942-@4著 |
| 801 | 0 | @aCN@bQSSK@c20050823 |
| 905 | @a10447@dK820.851@eX867 | |
| 上海姓氏寻根/许洪新著.-上海:上海科学技术文献出版社,2005.01 |
| 235页:图, 肖像, 摹真;21cm.-(回梦百年上海系列) |
| ISBN 7-5439-2487-0:20.00CNY |
| 本书记叙了张、王、陈、朱、李、沈、周、徐、陆、吴十个大姓在上海的发展历史,立足于上海的形成与发展,大量记述十大姓氏群体中,对上海作出贡献、留有事迹的各类人物。 |
| ● |
| 相关链接 |
|
|
|
正题名:上海姓氏寻根
索取号:K820.851/X867
 
预约/预借
| 序号 | 登录号 | 条形码 | 馆藏地/架位号 | 状态 | 备注 |
| 1 | 565194 | 205651944 | 社科库309/309社科库 45排4列4层/ [索取号:K820.851/X867] | 在馆 | |
| 2 | 565195 | 205651953 | 社科库309/309社科库 45排4列4层/ [索取号:K820.851/X867] | 在馆 |